000 00216nam a2200085Ia 4500
008 120527s9999 xx 000 0 und d
100 _aStearms, et al
245 _aWorld Civilization: the global experience
942 _cBK
999 _c27696
_d27696